000 01470pab a2200181 454500
008 180718b2002 xxu||||| |||| 00| 0 eng d
100 _aKirlin, John K.
245 _aStrengthening effective government -citizen connections through greater civic engagement
260 _c2002
300 _ap.80-85.
362 _aSep
520 _aCitizens are more frusting of government since the terrorist attacks ofr September 11, 2001, but their civic behaviors are little changed. One reason is that they mostly have been asked for monetary gifts to fund disaster relief and to serve others through existing nonprofit organizations. Available theoretical and empirical analyses suggest the three factors of motivation, skills, and network connections contribute to increased civic engagement, which is defined by behaviors such as seeking to persuade others to join in mobilizing commitment and resources to address a collective problem. Responses to 9/11 have not addressed these three factors. Increased civic engagement strengthens democracy and non cont ribute to the development of public judgment, which is critical to sustaining support of efforts to thwart terrorism. Success in any effort to increase civic engagement requires different strategies and actions by public officials. - Reproduced.
650 _aState security - United States
650 _aState security
700 _aKirlin, Mary K.
773 _aPublic Administration Review
909 _a54987
999 _c54987
_d54987